Open source pre NoSQL diplomová práca

Saved in:
Bibliographic Details
Main Author: Zborovjanová, Katarína
Corporate Author: Fakulta hospodárskej informatiky EU. Katedra aplikovanej informatiky
Other Authors: Kristová, Gabriela
Format: Book
Language:Slovak
Published: Bratislava 2019
Tags: Add Tag
No Tags, Be the first to tag this record!

MARC

LEADER 00000nbm a2200000 4500
001 0255813
005 20191212095239.7
041 0 |a slo 
044 |a SK 
245 1 0 |a Open source pre NoSQL  |b diplomová práca  |c Katarína Zborovjanová ; školiteľ: Gabriela Kristová 
264 1 |a Bratislava  |c 2019 
300 |a 66 s. 
100 1 |a Zborovjanová, Katarína 
700 1 |a Kristová, Gabriela 
710 2 |a Fakulta hospodárskej informatiky EU. Katedra aplikovanej informatiky